000 00345 a2200157 4500
001 160181
020 _a85-85490-13-6
040 _cMagnum
100 _aMacfarlane, Aidan
240 1 0 _aO diário de Susie
_lpor
245 1 0 _aO diário de Susie
300 _a170
362 0 _a1994
697 _aLITERATURA JUVENIL ESTRANGEIRA
942 _cBK
999 _c160181
_d160181